Statistics for Honorees at Comedy Central Roasts

Click here to take the quiz!

General Stats

  • This quiz has been taken 15 times
  • The average score is 10 of 17

Answer Stats

Answer% Correct
Donald Trump
92%
Justin Bieber
92%
Bruce Willis
77%
David Hasselhoff
77%
James Franco
77%
Charlie Sheen
69%
Alec Baldwin
62%
Pamela Anderson
62%
Rob Lowe
62%
Roseanne Barr
46%
Bob Sagat
38%
Jeff Foxworthy
38%
Joan Rivers
38%
Larry the Cable Guy
38%
William Shatner
38%
Denis Leary
31%
Flavor Flav
31%

Score Distribution

Percentile by Number Answered

Percent of People with Each Score

Your Score History

You have not taken this quiz